NFL Draft 2026 Round 1 - Statistics

General Stats
  • This quiz has been taken 22 times
  • The average score is 27 of 32
Answer Stats
Pick Team Pos. Player School % Correct
5 New York Giants EDGE / LB Arvell Reese Ohio State
100%
4 Tennessee Titans WR Carnell Tate Ohio State
100%
1 Las Vegas Raiders QB Fernando Mendoza Indiana
100%
3 Arizona Cardinals RB Jeremiyah Love Notre Dame
100%
27 Miami Dolphins (via SF) CB Chris Johnson San Diego State
94%
2 New York Jets EDGE David Bailey Texas Tech
94%
8 New Orleans Saints WR Jordyn Tyson Arizona State
94%
11 Dallas Cowboys (via MIA) S Caleb Downs Ohio State
88%
12 Miami Dolphins (via DAL) OT Kadyn Proctor Alabama
88%
16 New York Jets (via IND) TE Kenyon Sadiq Oregon
88%
20 Philadelphia Eagles (via DAL) WR Makai Lemon USC
88%
6 Kansas City Chiefs (via CLE) CB Mansoor Delane LSU
88%
30 New York Jets (via SF) WR Omar Cooper Jr. Indiana
88%
15 Tampa Bay Buccaneers DE Rueben Bain Jr. Miami
88%
7 Washington Commanders LB Sonny Styles Ohio State
88%
9 Cleveland Browns (via KC) OT Spencer Fano Utah
88%
13 Los Angeles Rams QB Ty Simpson Alabama
88%
18 Minnesota Vikings DT Caleb Banks Florida
82%
32 Seattle Seahawks RB Jadarian Price Notre Dame
82%
31 Tennessee Titans (via BUF) EDGE Keldric Faulk Auburn
82%
22 Los Angeles Chargers EDGE Akheem Mesidor Miami (FL)
76%
28 New England Patriots (via BUF) OT Caleb Lomu Utah
76%
10 New York Giants (via CIN) OT Francis Mauigoa Miami (FL)
76%
24 Cleveland Browns (via JAX) WR KC Concepcion Texas A&M
76%
23 Dallas Cowboys (via PHI) EDGE Malachi Lawrence UCF
76%
14 Baltimore Ravens G Olaivavega Ioane Penn State
76%
29 Kansas City Chiefs (via LAR) DT Peter Woods Clemson
76%
17 Detroit Lions OT Blake Miller Clemson
71%
19 Carolina Panthers OT Monroe Freeling Georgia
71%
25 Chicago Bears S Dillon Thieneman Oregon
65%
26 Houston Texans (via BUF) OL Keylan Rutledge Georgia Tech
65%
21 Pittsburgh Steelers OL Max Iheanachor Arizona State
65%
No matching quizzes found
Score Distribution
Percent of People with Each Score
Percentile by Number Answered
Your Score History
You have not taken this quiz